00664nam a2200193 a 450000100100000000500170001000800410002704000250006810000340009324500580012725000110018526000400019630000280023649000340026483000410029804900090033995201050034899900170045300002667920200930030341.0110324s1992 dr a 000 0 spa d aDO-SdBNPbspacBNPHU1 aCoiscou Weber, Rodolfo91973910aCurso de relaciones humanas /cRodolfo Coiscou Weber. a3a ed. aSanto Domingo :bCasa Weber,c1992. a148 p. :bil. ;c17 cm.1 aAntología de nuestra vozv7 0aAntología de nuestra vozv7923130 aBNPD 0010718PDaPDbPDcCTd2011-09-19iLF1l0o p26679-10r2020-06-25w2020-06-25yLFPDZNo se presta c26171d26171